Intelligent Techniques in Engineering Management Theory and Applications /

This book presents recently developed intelligent techniques with applications and theory in the area of engineering management. The involved applications of intelligent techniques such as neural networks, fuzzy sets, Tabu search, genetic algorithms, etc. will be useful for engineering managers, pos...

Πλήρης περιγραφή

Λεπτομέρειες βιβλιογραφικής εγγραφής
Συγγραφή απο Οργανισμό/Αρχή: SpringerLink (Online service)
Άλλοι συγγραφείς: Kahraman, Cengiz (Επιμελητής έκδοσης), Çevik Onar, Sezi (Επιμελητής έκδοσης)
Μορφή: Ηλεκτρονική πηγή Ηλ. βιβλίο
Γλώσσα:English
Έκδοση: Cham : Springer International Publishing : Imprint: Springer, 2015.
Σειρά:Intelligent Systems Reference Library, 87
Θέματα:
Διαθέσιμο Online:Full Text via HEAL-Link
LEADER 03059nam a22005415i 4500
001 978-3-319-17906-3
003 DE-He213
005 20151103123157.0
007 cr nn 008mamaa
008 150505s2015 gw | s |||| 0|eng d
020 |a 9783319179063  |9 978-3-319-17906-3 
024 7 |a 10.1007/978-3-319-17906-3  |2 doi 
040 |d GrThAP 
050 4 |a Q342 
072 7 |a UYQ  |2 bicssc 
072 7 |a COM004000  |2 bisacsh 
082 0 4 |a 006.3  |2 23 
245 1 0 |a Intelligent Techniques in Engineering Management  |h [electronic resource] :  |b Theory and Applications /  |c edited by Cengiz Kahraman, Sezi Çevik Onar. 
264 1 |a Cham :  |b Springer International Publishing :  |b Imprint: Springer,  |c 2015. 
300 |a XXV, 747 p. 191 illus., 19 illus. in color.  |b online resource. 
336 |a text  |b txt  |2 rdacontent 
337 |a computer  |b c  |2 rdamedia 
338 |a online resource  |b cr  |2 rdacarrier 
347 |a text file  |b PDF  |2 rda 
490 1 |a Intelligent Systems Reference Library,  |x 1868-4394 ;  |v 87 
505 0 |a Engineering Management and Intelligent Systems -- Risk Management -- Knowledge management -- Intelligent systems in Management -- Production Management -- Economical and Financial Management -- Quality Management -- Marketing and Sales Management -- Project Management -- Supply chain management. 
520 |a This book presents recently developed intelligent techniques with applications and theory in the area of engineering management. The involved applications of intelligent techniques such as neural networks, fuzzy sets, Tabu search, genetic algorithms, etc. will be useful for engineering managers, postgraduate students, researchers, and lecturers. The book has been written considering the contents of a classical engineering management book but intelligent techniques are used for handling the engineering management problem areas. This comprehensive characteristics of the book makes it an excellent reference for the solution of complex problems of engineering management. The authors of the chapters are well-known researchers with their previous works in the area of engineering management. 
650 0 |a Engineering. 
650 0 |a Operations research. 
650 0 |a Decision making. 
650 0 |a Artificial intelligence. 
650 0 |a Computational intelligence. 
650 0 |a Engineering economics. 
650 0 |a Engineering economy. 
650 1 4 |a Engineering. 
650 2 4 |a Computational Intelligence. 
650 2 4 |a Artificial Intelligence (incl. Robotics). 
650 2 4 |a Operation Research/Decision Theory. 
650 2 4 |a Engineering Economics, Organization, Logistics, Marketing. 
700 1 |a Kahraman, Cengiz.  |e editor. 
700 1 |a Çevik Onar, Sezi.  |e editor. 
710 2 |a SpringerLink (Online service) 
773 0 |t Springer eBooks 
776 0 8 |i Printed edition:  |z 9783319179056 
830 0 |a Intelligent Systems Reference Library,  |x 1868-4394 ;  |v 87 
856 4 0 |u http://dx.doi.org/10.1007/978-3-319-17906-3  |z Full Text via HEAL-Link 
912 |a ZDB-2-ENG 
950 |a Engineering (Springer-11647)